Dataset Open Access
Wagner, Michael;
Reinicke, Sebastian;
Eisenhofer, Suzanne Michele;
Alt, Sören;
Kratzsch, Alexander;
Hampel, Uwe
<?xml version='1.0' encoding='UTF-8'?>
<record xmlns="http://www.loc.gov/MARC21/slim">
<leader>00000nmm##2200000uu#4500</leader>
<datafield tag="520" ind1=" " ind2=" ">
<subfield code="a"><p>Messdatenarchiv zum Vorhaben DCS-Monitor II</p></subfield>
</datafield>
<controlfield tag="001">4640</controlfield>
<datafield tag="700" ind1=" " ind2=" ">
<subfield code="a">Reinicke, Sebastian</subfield>
<subfield code="u">HSZG</subfield>
</datafield>
<datafield tag="700" ind1=" " ind2=" ">
<subfield code="a">Eisenhofer, Suzanne Michele</subfield>
</datafield>
<datafield tag="700" ind1=" " ind2=" ">
<subfield code="a">Alt, Sören</subfield>
<subfield code="u">HSZG</subfield>
</datafield>
<datafield tag="700" ind1=" " ind2=" ">
<subfield code="a">Kratzsch, Alexander</subfield>
<subfield code="u">HSZG</subfield>
</datafield>
<datafield tag="700" ind1=" " ind2=" ">
<subfield code="a">Hampel, Uwe</subfield>
<subfield code="0">(orcid)0000-0002-7371-0148</subfield>
</datafield>
<datafield tag="980" ind1=" " ind2=" ">
<subfield code="a">dataset</subfield>
</datafield>
<datafield tag="540" ind1=" " ind2=" ">
<subfield code="u">https://creativecommons.org/licenses/by/4.0/legalcode</subfield>
<subfield code="a">Creative Commons Attribution 4.0 International</subfield>
</datafield>
<datafield tag="909" ind1="C" ind2="O">
<subfield code="o">oai:rodare.hzdr.de:4640</subfield>
<subfield code="p">openaire_data</subfield>
<subfield code="p">user-rodare</subfield>
</datafield>
<controlfield tag="005">20260507063456.0</controlfield>
<datafield tag="245" ind1=" " ind2=" ">
<subfield code="a">Messdatenarchiv zum Vorhaben DCS-Monitor II</subfield>
</datafield>
<datafield tag="773" ind1=" " ind2=" ">
<subfield code="a">https://www.hzdr.de/publications/Publ-43338</subfield>
<subfield code="i">isIdenticalTo</subfield>
<subfield code="n">url</subfield>
</datafield>
<datafield tag="773" ind1=" " ind2=" ">
<subfield code="a">10.14278/rodare.4639</subfield>
<subfield code="i">isVersionOf</subfield>
<subfield code="n">doi</subfield>
</datafield>
<datafield tag="542" ind1=" " ind2=" ">
<subfield code="l">open</subfield>
</datafield>
<datafield tag="260" ind1=" " ind2=" ">
<subfield code="c">2026-05-04</subfield>
</datafield>
<datafield tag="980" ind1=" " ind2=" ">
<subfield code="a">user-rodare</subfield>
</datafield>
<datafield tag="100" ind1=" " ind2=" ">
<subfield code="a">Wagner, Michael</subfield>
<subfield code="0">(orcid)0009-0007-3456-9798</subfield>
</datafield>
<datafield tag="024" ind1=" " ind2=" ">
<subfield code="a">10.14278/rodare.4640</subfield>
<subfield code="2">doi</subfield>
</datafield>
<datafield tag="650" ind1="1" ind2="7">
<subfield code="a">cc-by</subfield>
<subfield code="2">opendefinition.org</subfield>
</datafield>
<datafield tag="856" ind1="4" ind2=" ">
<subfield code="s">21210096085</subfield>
<subfield code="u">https://rodare.hzdr.de/record/4640/files/final2.zip</subfield>
<subfield code="z">md5:79461ffcf2700db30aae20d9b1bb357e</subfield>
</datafield>
<datafield tag="856" ind1="4" ind2=" ">
<subfield code="s">21466487005</subfield>
<subfield code="u">https://rodare.hzdr.de/record/4640/files/final3.zip</subfield>
<subfield code="z">md5:01c7ea13768f7ae467d5d7e20f9c6d93</subfield>
</datafield>
<datafield tag="856" ind1="4" ind2=" ">
<subfield code="s">21475146853</subfield>
<subfield code="u">https://rodare.hzdr.de/record/4640/files/final4.zip</subfield>
<subfield code="z">md5:e89f69ba0055f3bdf2afa36f3d869b1a</subfield>
</datafield>
<datafield tag="856" ind1="4" ind2=" ">
<subfield code="s">21050251719</subfield>
<subfield code="u">https://rodare.hzdr.de/record/4640/files/final.zip</subfield>
<subfield code="z">md5:3d37b5291287346dbf67b125e97bb4c9</subfield>
</datafield>
<datafield tag="856" ind1="4" ind2=" ">
<subfield code="s">617721929</subfield>
<subfield code="u">https://rodare.hzdr.de/record/4640/files/H2_plus_PMT.zip</subfield>
<subfield code="z">md5:b067bdabb51d83f951527e7d9290d2c4</subfield>
</datafield>
<datafield tag="856" ind1="4" ind2=" ">
<subfield code="s">438515845</subfield>
<subfield code="u">https://rodare.hzdr.de/record/4640/files/NewAssembledBottomChamberCheck.zip</subfield>
<subfield code="z">md5:8f628de41fa83971ff234c1768afbd86</subfield>
</datafield>
<datafield tag="856" ind1="4" ind2=" ">
<subfield code="s">506556775</subfield>
<subfield code="u">https://rodare.hzdr.de/record/4640/files/NewAssembledTopChamberCheck.zip</subfield>
<subfield code="z">md5:a7d0f3e39eebf45a547b9ae8e479ecb2</subfield>
</datafield>
<datafield tag="856" ind1="4" ind2=" ">
<subfield code="s">2802</subfield>
<subfield code="u">https://rodare.hzdr.de/record/4640/files/README.txt</subfield>
<subfield code="z">md5:2cf81f736bee519a8c4d7df1372631af</subfield>
</datafield>
<datafield tag="856" ind1="4" ind2=" ">
<subfield code="s">6694</subfield>
<subfield code="u">https://rodare.hzdr.de/record/4640/files/skripte.zip</subfield>
<subfield code="z">md5:15f68b37fc20b459d0b160370ec62525</subfield>
</datafield>
</record>
| All versions | This version | |
|---|---|---|
| Views | 61 | 61 |
| Downloads | 23 | 23 |
| Data volume | 173.5 GB | 173.5 GB |
| Unique views | 57 | 57 |
| Unique downloads | 22 | 22 |